Olivia Rodrigo - Les Chansons traduites en français #2 - Statistiques

Statistiques générales
  • Ce quiz a été pris 9 fois
  • Le résultat moyen est 9 sur 10
Statistiques - réponses
Traductions Chansons % Correct
Mauvaise idée n’est-ce pas ? bad idea right?
100%
Suffisante pour toi enough for you
100%
Étranger stranger
100%
Le remède the cure
100%
Traitre traitor
100%
Tant mieux pour toi good 4 u
88%
Obsessionnel obsessed
88%
Qu'est-ce qui ne va pas chez moi what's wrong with me
88%
La fille que j’ai toujours été girl i've always been
75%
Abeille honeybee
50%
Aucun quiz correspondant
Distribution des résultats
% des personnes avec chaque résultat
Percentile par nombre de réponses
Votre historique - résultats
Vous n’avez pas pris ce quiz